| 000 | 00368nam a2200145Ia 4500 | ||
|---|---|---|---|
| 008 | 230312s9999||||xx |||||||||||||| ||und|| | ||
| 020 | _a93-325-5023-0 | ||
| 082 |
_a621.38223 _bOPP-S |
||
| 100 | _aOppenheim;Alan,S | ||
| 245 | 0 | _aSignals and Systems | |
| 260 |
_bPearson _aIndia _c2018 |
||
| 300 | _a944 | ||
| 650 |
_aEngineering _vElectrical Engineering |
||
| 942 | _cBK | ||
| 999 |
_c12775 _d12775 |
||